000 00360nam a2200133Ia 4500
005 20260328104323.0
008 260328s9999||||xx |||||||||||||| ||und||
100 _aCurtis, William J.R.
245 0 _aBalkrishna Doshi :
_b An Architecture for India /
_cWilliam J.R. Curtis
260 _bRizzoli
300 _a188 p.
650 _aDISEÑO Y PLANOS
942 _cBK
999 _c11428
_d11428